000
00202 a2200097 4500
001
21468
100
_a
Salt, L E
245
_a
Oxford Jnior Encyclopedia
260
_a
_b
Oxford
_c
090
_c
15105
_d
15105
942
_a
NUST-CAE
_c
M
_c
5676
999
_c
256541
_d
256541